000
00329nam a2200133Ia 4500
008
231129s2001||||xx |||||||||||||| ||spa||
040
_b
spa
082
_a
Co864 H659b
100
_a
Hincapié Montoya Uriel
245
0
_a
Bagatelas: Ensayos breves
260
_c
2001
264
_a
Litografía Moderna Digital
942
_2
ddc
_c
BKS
999
_c
5999
_d
5999